000 00895nam a2200265Ia 4500
001 dia_4363
003 CHAP
005 20230119133105.0
007 ta
008 220117s1980 mx f 000 0 spa d
010 _a175008
040 _cCHAP
_amxchpua
090 _aFOLLETO 2264
100 1 _aRetes C., J. Enrique
_9155810
245 1 0 _aResultados de la investigación para el norte de Sinaloa sobre tomate para la industria 1979-1980 /
_cJ. Enrique Retes C.
260 _aMéxico :
_bINIA, Campo agrícola experimental del Valle del Fuerte,
_c1980
300 _a35 páginas
500 _aS/c (Publicación especial, 1)
650 1 3 _aTomate
_xIndustria
_9155811
700 1 _aInstituto nacional de investigaciones agrícolas. México
_9155715
901 _aFOLLETO 2264
902 _aM
905 _a0000001980 mx 0000000000spa00
942 _cFOLL
_2local
999 _c175008
_d175008